The big picture : a sociology primer (Record no. 607556)

MARC details
000 -LEADER
fixed length control field 00460nam a22001817a 4500
008 - FIXED-LENGTH DATA ELEMENTS--GENERAL INFORMATION
fixed length control field 260108b |||||||| |||| 00| 0 eng d
020 ## - INTERNATIONAL STANDARD BOOK NUMBER
ISBN 9780072990539
Paper back/Hardbound pbk
041 ## - LANGUAGE CODE
Language code of text/sound track or separate title eng
082 ## - DEWEY DECIMAL CLASSIFICATION NUMBER
Classification number 301
Item number WIT
100 ## - MAIN ENTRY--AUTHOR NAME
Personal name Witt, Jon
245 ## - TITLE STATEMENT
Title The big picture : a sociology primer
Statement of responsibility, etc Jon Witt
260 ## - PUBLICATION, DISTRIBUTION, ETC. (IMPRINT)
Place of publication Boston
Name of publisher McGraw-Hill
Year of publication 2007
300 ## - PHYSICAL DESCRIPTION
Number of Pages 310 p.
Dimensions 24 cm.
504 ## - BIBLIOGRAPHY, ETC. NOTE
Bibliography, etc Includes bibliographies and index
650 ## - SUBJECT ADDED ENTRY--TOPICAL TERM
Topical Term sociology
942 ## - ADDED ENTRY ELEMENTS (KOHA)
Koha item type English Books
Holdings
Withdrawn status Lost status Damaged status Not for loan Home library Current library Shelving location Date acquired Full call number Accession Number Price effective from Koha item type
        Anna Centenary Library Anna Centenary Library 3RD FLOOR, B WING 29.12.2011 301 WIT 472761 08.01.2026 English Books

Find us on the map